[Event "Wch U08"]
[White "Alloussi, Arian"]
[Black "Jia, Zining"]
[Site "Montesilvano"]
[Round "6"]
[Result "0-1"]
[Date "2024.11.20"]
[WhiteElo "1745"]
[BlackElo "1550"]
[PlyCount "104"]
[EventDate "2024.11.15"]
[EventType "swiss"]
[EventRounds "11"]
[EventCountry "ITA"]
[SourceTitle "CB48_2024"]
[SourceDate "2024.11.28"]
[SourceVersion "1"]
[SourceVersionDate "2024.11.28"]
[SourceQuality "1"]

1. e4 e6 2. d3 d5 3. Nd2 Nf6 4. Ngf3 b6 5. e5 Nfd7 6. d4 c5 7. c3 Nc6 8. a3 a6 9. Bd3 b5 10. 0-0 Bb7 11. Re1 Qb6 12. dxc5 Bxc5 13. Qe2 Qc7 14. Nb3 Ba7 15. Bf4 Na5 16. Nxa5 Qxa5 17. Rad1 Qc7 18. Bg3 Nc5 19. Bc2 h6 20. Nd4 Nd7 21. Bb3 Nb6 22. Qg4 g5 23. h3 0-0-0 24. Ra1 Nc4 25. Qe2 Na5 26. Bc2 Nc4 27. Bd3 Kb8 28. a4 bxa4 29. Rxa4 Rc8 30. Ra2 h5 31. Rea1 Bxd4 32. cxd4 Qb6 33. Rb1 Qb3 34. Rba1 Qb6 35. Rb1 Qb3 36. Rba1 h4 37. Bh2 Rc6 38. Bc2 Qb4 39. Bd3 Rhc8 40. Ra4 Qb6 41. g3 Nxb2 42. Rb1 Rc1+ 43. Kg2 Rxb1 44. Bxb1 Nxa4 45. Qd3 Rc3 46. Qh7 Qxd4 47. Qg8+ Ka7 48. Qxg5 Qd1 49. Qe7 d4+ 50. Be4 Nc5 51. Bc6 Rc1 52. Qxf7 Qh1# 0-1

[Event "Wch U08"]
[White "Lan, Kai Zhou"]
[Black "Jia, Zining"]
[Site "Montesilvano"]
[Round "3"]
[Result "0-1"]
[Date "2024.11.17"]
[WhiteElo "1784"]
[BlackElo "1550"]
[PlyCount "50"]
[EventDate "2024.11.15"]
[EventType "swiss"]
[EventRounds "11"]
[EventCountry "ITA"]
[SourceTitle "CB48_2024"]
[SourceDate "2024.11.28"]
[SourceVersion "1"]
[SourceVersionDate "2024.11.28"]
[SourceQuality "1"]

1. e4 c5 2. Nf3 d6 3. d4 cxd4 4. Nxd4 Nf6 5. Nc3 e5 6. Nb3 Be6 7. f3 Be7 8. Be3 d5 9. exd5 Bxd5 10. Nxd5 Nxd5 11. Bb5+ Nc6 12. Bf2 a6 13. Bd3 Nf4 14. 0-0 Nxd3 15. cxd3 0-0 16. d4 exd4 17. Nxd4 Nxd4 18. Bxd4 Rc8 19. Rf2 Qc7 20. Bc3 Bc5 21. Bd4 Rfd8 22. Rd2 Bxd4+ 23. Rxd4 Qc5 24. Rc1 Qxd4+ 25. Qxd4 Rxc1+ 0-1